| 000 | 00000nam##2200000za#4500 |
| 001 | 9.625924 |
| 003 | CaOODSP |
| 005 | 20240212134143 |
| 007 | ta |
| 008 | 150406|2002||||xxc||||| f|0| 0 fre|d |
| 020 | |a0-662-87134-0 |
| 022 | |a1713-0646 |
| 040 | |aCaOODSP|bfre |
| 043 | |an-cn--- |
| 086 | 1 |aNE22-1/2002-1F |
| 110 | 1 |aCanada. |bOffice national de l'énergie. |
| 245 | 13|aLa Société de transmission électrique de Cedars Rapids limitée : |bdemande en date du 20 juillet 2001, modifiée le 7 décembre 2001, concernant une ligne internationale de transport d'électricité |
| 260 | |aCalgary - Alberta : |bOffice national de l'énergie |c2002. |
| 300 | |aiv, 27p. : |bfigures ; |c28 cm. |
| 490 | 1 |aMotifs de décision|x1713-0646 |
| 520 | 3 |aL’Office national de l’énergie publie des motifs de décision lorsqu’il s’attend à ce que l’incidence de ses décisions dépasse le cadre de la cause entendue. L’Office est un tribunal indépendant chargé de réglementer les industries du pétrole, du gaz et de l’électricité. Ses décisions ont une incidence sur l’industrie, les consommateurs d’énergie et quiconque est propriétaire d’un terrain ou vit à proximité des droits de passage de pipelines ou de lignes d’électricité internationales. Ses décisions visent à protéger l’intérêt public en ce qui a trait à la sécurité, à la protection de l’environnement et à l’efficience économique. |
| 563 | |aCouverture souple |
| 590 | |a02-32|b2002-08-09 |
| 691 | 07|aDécision|2gcpds |
| 691 | 07|aÉlectricité|2gcpds |
| 691 | 07|aProvinces de l'Ouest|2gcpds |
| 775 | 08|tCedars Rapids Transmission Co : |w(CaOODSP)9.615954 |
| 776 | 0#|tMotifs de décision relativement à La Société de transmission électrique de Cedars Rapids limitée : |w(CaOODSP)9.602979 |
| 830 | #0|aMotifs de décision (Canada. Office national de l'énergie)|x1713-0646|w(CaOODSP)9.513162 |
| 986 | |aEH-1-2002 |